| 000 | 01086cam a2200325 a 4500 | ||
|---|---|---|---|
| 999 |
_c9255 _d9255 |
||
| 001 | 12116259 | ||
| 003 | OSt | ||
| 005 | 20210111151305.0 | ||
| 008 | 000722s1999 cou 000 0 eng d | ||
| 010 | _a 00267832 | ||
| 020 | _a0891092846 | ||
| 035 | _a(OCoLC)ocm44522732 | ||
| 040 |
_aLNB _cLNB _dDLC |
||
| 042 | _alccopycat | ||
| 050 | 0 | 0 |
_aBJ2121 _b.J66 1999 |
| 082 | 0 | 0 |
_a302.3/46 _222 |
| 100 | 1 |
_aJones, Jerry, _d1951- |
|
| 245 | 1 | 0 |
_a201 great questions / _cJerry D. Jones. |
| 246 | 3 | _aTwo hundred and one great questions | |
| 260 |
_aColorado Springs, Colo. : _bNavPress, _cc 1999. |
||
| 300 |
_a159 p. ; _c18 cm. |
||
| 650 | 0 | _aConversation. | |
| 650 | 0 | _aConduct of life. | |
| 650 | 0 | _aReligious life. | |
| 856 | 4 | 2 |
_3Publisher description _uhttp://www.loc.gov/catdir/enhancements/fy0908/00267832-d.html |
| 856 | 4 | 2 |
_3Contributor biographical information _uhttp://www.loc.gov/catdir/enhancements/fy1203/00267832-b.html |
| 906 |
_a7 _bcbc _ccopycat _d3 _encip _f20 _gy-gencatlg |
||
| 942 |
_2ddc _cBK |
||